|
|
|
|
| LEADER |
00000nab a2200000 a 4500 |
| 001 |
vtls009333599 |
| 003 |
SK-MaSNL |
| 005 |
20260304152940.0 |
| 008 |
250506c1972 xo |r|p||||||||00 ||slo |
| 015 |
|
|
|a SNBRB2008/06
|2 snkbucl
|
| 035 |
|
|
|a (uuid)57a5a359-ec18-43de-8035-a88663f92699
|
| 035 |
|
|
|a urn:nbn:sk:snk-abf57r
|
| 035 |
|
|
|a (urnnbn)urn:nbn:sk:snk:ar-0050hl
|
| 038 |
|
|
|a SNKBUCL
|
| 040 |
|
|
|a SNKBUCL
|b slo
|c SNKBUCL
|e AACR2
|
| 041 |
0 |
|
|a slo
|
| 044 |
|
|
|a xo
|c SK
|
| 080 |
|
|
|a 82.091:061.3
|2 2001
|
| 080 |
|
|
|a 82.0
|2 2001
|
| 100 |
1 |
|
|a Kraus, Cyril,
|d 1928-2012
|4 aut
|9 14532
|
| 245 |
1 |
0 |
|a Konferencia o komparatistike a genológii
|c Cyril Kraus
|
| 648 |
|
7 |
|a 1971
|2 snkbucl
|9 337779
|
| 650 |
0 |
7 |
|a literárna komparatistika
|2 snkbucl
|9 62017
|
| 650 |
0 |
7 |
|a genológia
|2 snkbucl
|9 24145
|
| 650 |
0 |
7 |
|a konferencie
|2 snkbucl
|9 19221
|
| 651 |
|
7 |
|a Prešov (Slovensko)
|2 snkbucl
|9 17347
|
| 773 |
0 |
|
|t Slovenská literatúra
|g Roč. XIX, č. 2 (1972), s. 200-201
|
| 850 |
|
|
|a Slovenská národná knižnica
|
| 852 |
|
|
|a Slovenská národná knižnica
|
| 954 |
|
|
|a odborná, vedecká literatúra pôvodná (slovenská)
|2 lita
|
| 958 |
|
|
|a article27
|
| 958 |
|
|
|a LX
|
| 958 |
|
|
|a PBCK20008
|
| 958 |
|
|
|a OND
|
| 958 |
|
|
|a EUIPO
|
| 999 |
|
|
|c 2951836
|d 2953766
|